LIBRARY & INFORMATION CENTRE, KCAET, TAVANUR

ONLINE PUBLIC ACCESS CATALOGUE (OPAC)

Conflict management / (Record no. 34)

MARC details
000 -LEADER
fixed length control field 00345cam a2200145ua 4500
082 ## - DEWEY DECIMAL CLASSIFICATION NUMBER
Classification number 658.3
Item number HAR/CO
100 ## - MAIN ENTRY--AUTHOR NAME
Personal name Harigopal, K .
245 ## - TITLE STATEMENT
Title Conflict management /
260 ## - PUBLICATION, DISTRIBUTION, ETC. (IMPRINT)
Place of publication New Delhi :
Name of publisher Oxford & IBH Publishing company ,
Year of publication 1995.
300 ## - PHYSICAL DESCRIPTION
Number of Pages 189 ; .
650 ## - SUBJECT ADDED ENTRY--TOPICAL TERM
Topical Term Industrial Management
942 ## - ADDED ENTRY ELEMENTS (KOHA)
Koha item type Books
003 - CONTROL NUMBER IDENTIFIER
control field @
003 - CONTROL NUMBER IDENTIFIER
control field OSt
Holdings
Withdrawn status Lost status Damaged status Home library Current library Date acquired Full call number Accession Number Koha item type
      KAUAET KAUAET 07/04/2012 658.3 HAR/CO 20057 Books
free website counter